Electronics for communication engineers / (Record no. 182555)

000 -LEADER
fixed length control field 00838 a2200181 4500
003 - CONTROL NUMBER IDENTIFIER
control field Nust
005 - DATE AND TIME OF LATEST TRANSACTION
control field 20230727111622.0
040 ## - CATALOGING SOURCE
Transcribing agency Nust
082 ## - DEWEY DECIMAL CLASSIFICATION NUMBER
Classification number 621.382,MAR
100 ## - MAIN ENTRY--PERSONAL NAME
Personal name John Markus
9 (RLIN) 103727
245 ## - TITLE STATEMENT
Title Electronics for communication engineers /
Statement of responsibility, etc. John Markus
250 ## - EDITION STATEMENT
Edition statement 1st ed.
260 ## - PUBLICATION, DISTRIBUTION, ETC.
Place of publication, distribution, etc. New York
Name of publisher, distributor, etc. Mc Graw-Hill
Date of publication, distribution, etc. 1952
300 ## - PHYSICAL DESCRIPTION
Extent 610p
505 ## - FORMATTED CONTENTS NOTE
Formatted contents note Amplifiers (Page-1), Antennas (Page-41), Audio (Page-94), Cathode Ray Tubes (Page-149), Components (Page-182), Electronic Music (Page-205), Filters (Page-234), Measurements (Page-264), Microwaves (Page-312), Oscillators (Page-352), Power Supplies (Page-400), Propagation (Page-407), Pulses (Page-430), Receivers (Page-478), Transmission Lines (Page-538), Transmitters (Page-560),
650 ## - SUBJECT ADDED ENTRY--TOPICAL TERM
Topical term or geographic name entry element Telecommunications engineering.
9 (RLIN) 58485
942 ## - ADDED ENTRY ELEMENTS (KOHA)
Source of classification or shelving scheme
Koha item type Book
Call number prefix 621.382,MAR
Holdings
Withdrawn status Lost status Source of classification or shelving scheme Damaged status Not for loan Permanent Location Current Location Shelving location Date acquired Full call number Barcode Date last seen Price effective from Koha item type Public note Collection code Total Checkouts
          Military College of Signals (MCS) Military College of Signals (MCS) General Stacks 12/12/2016 621.382,MAR MCS5832 12/08/2016 12/12/2016 Book Almirha No 83, Shelf No 2    
          Military College of Signals (MCS) Military College of Signals (MCS)   12/12/2016 621.382 MAR MCS6378 12/08/2016 12/12/2016 Book      
© 2023 Central Library, National University of Sciences and Technology. All Rights Reserved.